| 000 | 00717cam a22001814a 4500 | ||
|---|---|---|---|
| 005 | 20250605164345.0 | ||
| 008 | 250528s ||||||||||||||||||||||||d | ||
| 035 | _a23805 | ||
| 040 |
_aGR-AtMCL _bgre _dGR-AtMCL _eAACR2 |
||
| 245 | 1 | _aLiving with Bipolar Disorder/The Family Members' Perspective Through Their Experience | |
| 260 | _c2016 | ||
| 300 | _a34 | ||
| 520 | _aAbstract, Introduction, Method, Design, Paricipants, Data Collection, Data Analysis, Ethics, Analysis, Discussion, Appendices, Interview Schedule, Information Form, Consent Form, Debriefing Form, Table of Themes, References, Cover Letter and CV. | ||
| 700 | 1 |
_aSalata Maria-Anna _99334 |
|
| 942 | _cDS | ||
| 999 |
_c8739 _d8739 |
||